000 00335nam a22001217a 4500
082 _a340.115
_bBAS
100 _aBasit, Muhammad Abdul
245 _aRight to Information Laws of Pakistan /
_cMuhammad Abdul Basit
260 _aRawalpindi :
_bFederal Law House,
_c2015.
300 _a102 p. ;
_c24 cm.
563 _aHB.
942 _2ddc
_cBK
999 _c616023
_d616023